000 00451nam a2200205Ia 4500
001 12423
003 GE_BSU
008 181216s||||||||xx |||||||||||||| ||und||
020 _a9780747233633
040 _cGE_BSU
080 _a821.111-32
100 _aBowling,Harry.
245 _aIronmonger's Daughter.
260 _aLondon.
260 _bHeadline.
260 _c1989
300 _a505p;18cm.
653 _aIronmonger's Daughter.
942 _cBK
999 _c45597
_d45597